| 000 | 00415nam a2200109Ia 4500 | ||
|---|---|---|---|
| 008 | 171204s9999 xx 000 0 und d | ||
| 245 | _aTeaching Stravinsky: Nadia Boulanger And The Consecration Of A Modernist Icon | ||
| 245 | _cKimberly A. Francis | ||
| 260 | _c2015 | ||
| 650 | _xField Study 2: Experiencing the Teaching/Learning Process | ||
| 856 | _uhttp://down.ebook777.com/003/TeaStrNadBouAndTheConOfAModIco.pdf | ||
| 999 |
_c345798 _d345798 |
||